Statistics for 写出所有的世界音乐之都 City of Music Test

Click here to take the quiz!

General Stats

  • This quiz has been taken 15 times
  • The average score is 11 of 66

Answer Stats

国家提示城市% Correct
中国哈尔滨
73%
加拿大西安大略大学伦敦
60%
哈萨克斯坦阿拉木图
60%
英国利物浦
53%
韩国广域市之一大邱
53%
英国格拉斯哥
47%
新西兰奥克兰
40%
刚果金金沙萨
40%
古巴哈瓦那
40%
哥伦比亚波哥大
40%
爱沙尼亚塔林
40%
俄罗斯喀山
33%
刚果布布拉柴维尔
33%
委内瑞拉加拉加斯
33%
澳大利亚阿德莱德
33%
西班牙塞维利亚
33%
哥伦比亚麦德林
27%
特立尼达和多巴哥西班牙港
27%
多米尼加共和国圣多明各
27%
英国贝尔法斯特
27%
印度金奈
27%
几内亚比绍比绍
27%
美国密苏里州堪萨斯城
20%
波兰西里西亚省首府卡托维兹
20%
法国空客总部图卢兹
20%
意大利最古老的大学博洛尼亚
20%
墨西哥美墨边境墨西卡利
13%
巴勒斯坦巴勒斯坦法塔赫总部拉姆安拉
13%
巴西第四大城市萨尔瓦多
13%
德国汉诺威
13%
捷克布尔诺
13%
智利第二大都会区瓦尔帕莱索
13%
牙买加金士顿
13%
俄罗斯大诺夫哥罗德
13%
佛得角普拉亚
13%
日本雅马哈总部滨松
7%
比利时第三大城市根特
7%
印度恒河畔的圣城瓦拉纳西
7%
波黑第二大城市巴尼亚卢卡
7%
马来西亚霹雳州首府怡保
7%
印度尼西亚“南马鲁古”首都安汶
7%
越南林同省首府大叻
0%
匈牙利维斯普雷姆州首府维斯普雷姆
0%
韩国庆尚南道统营
0%
印度中央邦瓜廖尔
0%
克罗地亚巴洛克音乐节瓦拉日丁
0%
西班牙巴伦西亚省利里亚
0%
哥伦比亚塞萨尔省首府巴耶杜帕尔
0%
德国巴登-符腾堡州曼海姆
0%
葡萄牙波尔图区阿马兰蒂
0%
智利兰奇胡亚省弗鲁蒂亚尔
0%
瑞典东约特兰省北雪平
0%
土耳其1973年计算的地球地理中心克尔谢希尔
0%
土耳其古称埃德萨尚勒乌尔法
0%
泰国泰国巨星彭普万·东詹葬于此素攀府
0%
波兰库亚维-波美拉尼亚省首府比得哥什
0%
法国洛林地区梅斯
0%
葡萄牙莱里亚区首府莱里亚
0%
塞尔维亚普奇尼亚州首府弗拉涅
0%
摩洛哥世界遗产,旅游胜地索维拉
0%
意大利阿尔卑斯山旅游中心之一博尔扎诺
0%
意大利著名作曲家乔奇诺·罗西尼出生地佩萨罗
0%
瑞士著名爵士音乐节蒙特勒
0%
葡萄牙布朗库堡区新伊达尼亚
0%
墨西哥米却肯州首府莫雷利亚
0%
伊朗库尔德斯坦省省会萨南达季
0%

Score Distribution

Percentile by Number Answered

Percent of People with Each Score

Your Score History

You have not taken this quiz